书目信息 |
| 题名: |
卢卡奇
|
|
| 作者: | 张西平 | |
| 分册: | ||
| 出版信息: | 长沙 湖南教育出版社 1999 |
|
| 页数: | 287页 | |
| 开本: | 20cm | |
| 丛书名: | ||
| 单 册: | ||
| 中图分类: | B506 | |
| 科图分类: | ||
| 主题词: | 哲学--欧洲 | |
| 电子资源: | ||
| ISBN: | 7-5355-2743-4 | |
| 000 | 00480nam0 2200181 450 | |
| 001 | 0728815141 | |
| 005 | 20070819080015.14 | |
| 010 | @a7-5355-2743-4@d¥15.60 | |
| 100 | @a20070819d km y0chiy0120 ea | |
| 101 | 0 | @achi |
| 200 | 1 | @a卢卡奇@Alu ka qi@f张西平@Fzhang xi ping |
| 210 | @a长沙@c湖南教育出版社@d1999 | |
| 215 | @a287页@d20cm | |
| 606 | 0 | @a哲学@x欧洲 |
| 690 | @aB506@v3 | |
| 701 | 0 | @a张西平@Azhang xi ping |
| 801 | 0 | @aCN@bPFT@c20070819 |
| 905 | @a213230@dB506@eZW282@f1 | |
| 卢卡奇/张西平.-长沙:湖南教育出版社,1999 |
| 287页;20cm |
| ISBN 7-5355-2743-4:¥15.60 |
| ● |
| 相关链接 |
|
|
|
|
正题名:卢卡奇
索取号:B506/ZW282
 
预约/预借
| 序号 | 登录号 | 条形码 | 馆藏地/架位号 | 状态 | 备注 |
| 1 | 7600426 | 276004262 | 密集书库-文学院/ [索取号:B506/ZW282] | 在馆 | |
| 2 | 7600427 | 276004271 | 密集书库-文学院/ [索取号:B506/ZW282] | 在馆 |